000 00410nam a2200109Ia 4500
008 220216s9999 xx 000 0 und d
100 _aKekwick R G O
245 0 _aProteins eluted from natural rubber crumb
260 _bInternational Rubber Conference 1997. Rubber Science and Technology: Improving Quality of Life, Kuala Lumpur, Malaysia 6-9 Oct 1997; p367-369
650 _aNatural rubber crumb
942 _cJS
999 _c66062
_d66062